<?xml version="1.0" encoding="UTF-8"?>
<record
    xmlns:xsi="http://www.w3.org/2001/XMLSchema-instance"
    xsi:schemaLocation="http://www.loc.gov/MARC21/slim http://www.loc.gov/standards/marcxml/schema/MARC21slim.xsd"
    xmlns="http://www.loc.gov/MARC21/slim">

  <leader>00317nam a2200121 a 4500</leader>
  <controlfield tag="008">110412s1969||||                        d</controlfield>
  <datafield tag="245" ind1="1" ind2="0">
    <subfield code="a">&#x160;ari&#x161;sk&#xE9; m&#xFA;zeum v Bardejove </subfield>
  </datafield>
  <datafield tag="260" ind1=" " ind2=" ">
    <subfield code="c">1969</subfield>
    <subfield code="b">V&#xFD;chodoslovensk&#xE9; vydavate&#x13E;stvo</subfield>
    <subfield code="a">Ko&#x161;ice </subfield>
  </datafield>
  <datafield tag="020" ind1=" " ind2=" ">
    <subfield code="c">23</subfield>
  </datafield>
  <datafield tag="044" ind1=" " ind2=" ">
    <subfield code="a">xo</subfield>
    <subfield code="c">SK</subfield>
  </datafield>
  <datafield tag="041" ind1=" " ind2=" ">
    <subfield code="a">slo</subfield>
  </datafield>
  <datafield tag="100" ind1="1" ind2=" ">
    <subfield code="a">Sedl&#xE1;k,Imrich </subfield>
  </datafield>
  <datafield tag="999" ind1=" " ind2=" ">
    <subfield code="c">18978</subfield>
    <subfield code="d">18978</subfield>
  </datafield>
  <datafield tag="952" ind1=" " ind2=" ">
    <subfield code="0">0</subfield>
    <subfield code="1">0</subfield>
    <subfield code="2">udc</subfield>
    <subfield code="4">0</subfield>
    <subfield code="7">0</subfield>
    <subfield code="8">K</subfield>
    <subfield code="a">10000</subfield>
    <subfield code="b">10000</subfield>
    <subfield code="d">2019-11-29</subfield>
    <subfield code="g">23.00</subfield>
    <subfield code="i">17562</subfield>
    <subfield code="l">1</subfield>
    <subfield code="o">I1261</subfield>
    <subfield code="p">I1261</subfield>
    <subfield code="r">2021-05-04</subfield>
    <subfield code="s">2020-12-15</subfield>
    <subfield code="w">2019-11-29</subfield>
    <subfield code="y">OLDO</subfield>
  </datafield>
</record>
